000 005790000a22001210004500
773 0 _tArcadia / Andrés Felipe Solano, Editor
100 1 _aOrtiz, Hernán
245 1 0 _a"Yo no soy discípulo ni de Gaviria ni de Vallejo"
300 _aVol.0, núm.17 (Febrero, 2007), Página 20
500 _aPeriodista
520 _aEs autor de Mentirás al prójimo como a ti mismo, que ganó el premio de la Universidad de Antioquia, en 2001. Este ex publicista publica la primera novela de una trilogía que quiere darle la espalda a Medellín para reírse de ella. +Lo logra?
942 _cANA
999 _c61917
_d61917